[Event "Cartagena Region-ch"]
[Site "Cartagena"]
[Date "2020.02.22"]
[Round "2"]
[White "Brito Carrascal, Camilo Andres"]
[Black "Lora, Joel Fernando"]
[Result "0-1"]
[WhiteElo "1691"]
[BlackElo "2205"]
[PlyCount "66"]
[EventDate "2020.02.22"]
[EventType "swiss"]
[EventRounds "5"]
[EventCountry "COL"]
[SourceTitle "CBM 195 Extra"]
[Source "ChessBase"]
[SourceDate "2020.05.31"]
[SourceVersion "1"]
[SourceVersionDate "2020.05.31"]
[SourceQuality "1"]

1. e4 e5 2. Nf3 Nc6 3. d4 exd4 4. Nxd4 Bc5 5. Nb3 Be7 6. Nc3 Nf6 7. Be3 0-0 8. Qd2 Bb4 9. f3 Re8 10. 0-0-0 Bxc3 11. bxc3 Qe7 12. Qf2 a5 13. Kb1 a4 14. Nd2 d5 15. Bc5 Qe6 16. exd5 Nxd5 17. Ne4 f5 18. c4 Nf4 19. Ng5 Qg6 20. Qh4 Ne6 21. Nxe6 Bxe6 22. Bd3 Qf7 23. Rhe1 a3 24. c3 Na5 25. Bb4 Nc6 26. Bc5 b6 27. Bf2 Na5 28. g4 Bxc4 29. Bxf5 Bxa2+ 30. Ka1 Nb3+ 31. Kxa2 Nc1+ 32. Kb1 Qa2+ 33. Kxc1 Qb2# 0-1

[Event "COL pre olympic sf3"]
[Site "Cartagena"]
[Date "2019.08.18"]
[Round "8"]
[White "Lora, Joel Fernando"]
[Black "Cueto, Jose"]
[Result "1/2-1/2"]
[WhiteElo "2180"]
[BlackElo "2164"]
[PlyCount "77"]
[EventDate "2019.08.14"]
[EventType "swiss"]
[EventRounds "10"]
[EventCountry "COL"]
[SourceTitle "EXT 2020"]
[Source "ChessBase"]
[SourceDate "2019.10.17"]
[SourceVersion "1"]
[SourceVersionDate "2019.10.17"]
[SourceQuality "1"]

1. Nf3 d5 2. d4 Nf6 3. c4 c6 4. Qc2 e6 5. Bg5 Be7 6. Nbd2 0-0 7. e3 dxc4 8. Bxc4 Nbd7 9. Bd3 h6 10. Bxf6 Bxf6 11. Nc4 c5 12. dxc5 Nxc5 13. Be2 b5 14. Rd1 Qc7 15. Ncd2 Qb6 16. 0-0 Ba6 17. Nb3 Na4 18. Nfd4 Rac8 19. Qb1 b4 20. Bxa6 Qxa6 21. Rc1 Rxc1 22. Rxc1 Rc8 23. Rc2 Rxc2 24. Qxc2 Nb6 25. Qb1 Qc4 26. Qc2 Bxd4 27. Qxc4 Nxc4 28. Nxd4 Nxb2 29. Nc6 Nd3 30. Nxa7 Nc1 31. Nc6 Nxa2 32. Kf1 Nc1 33. Na5 b3 34. Nc4 Nd3 35. Ke2 Nc5 36. Kd2 e5 37. Kc3 f6 38. Nd2 Kf7 39. Nxb3 1/2-1/2

[Event "COL pre olympic sf3"]
[Site "Cartagena"]
[Date "2019.08.17"]
[Round "6"]
[White "Lora, Joel Fernando"]
[Black "Dominguez Rincon, Miller Duvan"]
[Result "1-0"]
[WhiteElo "2180"]
[BlackElo "2112"]
[PlyCount "91"]
[EventDate "2019.08.14"]
[EventType "swiss"]
[EventRounds "10"]
[EventCountry "COL"]
[SourceTitle "EXT 2020"]
[Source "ChessBase"]
[SourceDate "2019.10.17"]
[SourceVersion "1"]
[SourceVersionDate "2019.10.17"]
[SourceQuality "1"]

1. d4 Nf6 2. Nf3 e6 3. c4 b6 4. g3 Ba6 5. Qa4 Be7 6. Bg2 Bb7 7. 0-0 0-0 8. Nc3 c6 9. e4 d5 10. e5 Ne4 11. Rd1 Nxc3 12. bxc3 Ba6 13. cxd5 cxd5 14. Bf1 Bxf1 15. Rxf1 Qc8 16. Bd2 Nc6 17. c4 dxc4 18. Rac1 Qb7 19. Qxc4 Rac8 20. Qe2 Rfd8 21. Bc3 Ba3 22. Rc2 Rd7 23. Rd2 Ne7 24. Rd3 Nd5 25. Bd2 Qa6 26. Ng5 Be7 27. Nxf7 Qxa2 28. Nh6+ gxh6 29. Qg4+ Kh8 30. Qxe6 Rcd8 31. Bxh6 Nb4 32. Rb3 Qc2 33. Rxb4 Bxb4 34. Bg5 Qc7 35. Rc1 Bc5 36. Bf6+ Rg7 37. dxc5 bxc5 38. Rxc5 Qxc5 39. Bxg7+ Kxg7 40. Qf6+ Kg8 41. Qxd8+ Kg7 42. Qf6+ Kg8 43. e6 Qf8 44. Qg5+ Qg7 45. Qd8+ Qf8 46. e7 1-0

[Event "COL-chT Interligas"]
[Site "Palmira"]
[Date "2019.04.27"]
[Round "2.4"]
[White "Martinez Zuluaica, Julian"]
[Black "Lora, Joel Fernando"]
[Result "0-1"]
[WhiteElo "2132"]
[BlackElo "2160"]
[PlyCount "60"]
[EventDate "2019.04.27"]
[EventType "team-swiss"]
[EventRounds "6"]
[EventCountry "COL"]
[SourceTitle "CBM 190 Extra"]
[Source "ChessBase"]
[SourceDate "2019.07.15"]
[SourceVersion "1"]
[SourceVersionDate "2019.07.15"]
[SourceQuality "1"]
[WhiteTeam "Santander"]
[BlackTeam "Bolivar"]
[WhiteTeamCountry "COL"]
[BlackTeamCountry "COL"]

1. d4 Nf6 2. Nf3 g6 3. g3 Bg7 4. Bg2 0-0 5. 0-0 d6 6. b3 Nc6 7. Bb2 e5 8. dxe5 Ng4 9. h3 Ngxe5 10. Nxe5 Nxe5 11. Qc1 Re8 12. Bc3 Nd7 13. Bxg7 Kxg7 14. Qb2+ Qf6 15. Qxf6+ Nxf6 16. e3 d5 17. Rd1 Be6 18. Nd2 c6 19. c4 dxc4 20. Nxc4 Bxc4 21. bxc4 Rad8 22. Rdb1 Re7 23. Rb2 Rc7 24. a4 Nd7 25. Rd1 Rdc8 26. a5 a6 27. Kf1 Nc5 28. Ke2 Kf8 29. Rd4 Ke7 30. Kd2 Rd7 0-1

[Event "COL-ch sf1"]
[Site "Medellin"]
[Date "2019.04.20"]
[Round "8"]
[White "Lora, Joel Fernando"]
[Black "Munoz Galvez, Jhon Edison"]
[Result "0-1"]
[WhiteElo "2160"]
[BlackElo "2321"]
[PlyCount "96"]
[EventDate "2019.04.16"]
[EventType "swiss"]
[EventRounds "10"]
[EventCountry "COL"]
[SourceTitle "CBM 190 Extra"]
[Source "ChessBase"]
[SourceDate "2019.07.15"]
[SourceVersion "1"]
[SourceVersionDate "2019.07.15"]
[SourceQuality "1"]

1. Nf3 Nf6 2. d4 e6 3. Bf4 b6 4. e3 Bb7 5. Bd3 d6 6. Nbd2 Nbd7 7. h3 Qe7 8. Bh2 g6 9. 0-0 Bg7 10. Re1 0-0 11. e4 e5 12. c3 Kh8 13. Qe2 a6 14. Nc4 Ng8 15. dxe5 dxe5 16. Rad1 f6 17. b4 Nh6 18. Bc2 Nf7 19. Ne3 a5 20. a3 axb4 21. axb4 Ra3 22. Qc4 c6 23. Ra1 Nd6 24. Qd3 Rfa8 25. Rxa3 Rxa3 26. Rd1 Bf8 27. Nc4 Nxc4 28. Qxc4 b5 29. Qd3 Nb6 30. Nd2 Na4 31. Bxa4 bxa4 32. Bg3 Bc8 33. f3 Be6 34. Be1 Ra2 35. Qb1 a3 36. Bf2 Qb7 37. Be3 Qb5 38. Kh2 Rb2 39. Qa1 Qa4 40. Rc1 Ra2 41. Qb1 Kg7 42. h4 Be7 43. g4 Rb2 44. Qa1 Qb5 45. Re1 Qd3 46. Qd1 a2 47. Kg3 Qxc3 48. Qa1 Bxb4 0-1

[Event "COL-ch sf1"]
[Site "Medellin"]
[Date "2019.04.18"]
[Round "4"]
[White "Torres, Jorge Emilio"]
[Black "Lora, Joel Fernando"]
[Result "0-1"]
[WhiteElo "2009"]
[BlackElo "2160"]
[PlyCount "68"]
[EventDate "2019.04.16"]
[EventType "swiss"]
[EventRounds "10"]
[EventCountry "COL"]
[SourceTitle "CBM 190 Extra"]
[Source "ChessBase"]
[SourceDate "2019.07.15"]
[SourceVersion "1"]
[SourceVersionDate "2019.07.15"]
[SourceQuality "1"]

1. d4 Nf6 2. Nf3 e6 3. e3 Be7 4. Bd3 b6 5. 0-0 Bb7 6. b3 0-0 7. Bb2 Be4 8. Be2 h6 9. Nbd2 Bh7 10. c4 d6 11. Rc1 Nbd7 12. b4 c5 13. dxc5 dxc5 14. b5 a6 15. a4 axb5 16. axb5 Qc7 17. Qb3 Ne4 18. Nxe4 Bxe4 19. Nd2 Bb7 20. f4 Rfd8 21. Ra1 Bf6 22. Bf3 e5 23. Ne4 Bxe4 24. Bxe4 Rxa1 25. Bxa1 exf4 26. Bxf6 Nxf6 27. Rxf4 Qe5 28. Bc6 Rd2 29. h3 Qd6 30. Qa4 g5 31. Rf2 g4 32. Qa8+ Kg7 33. Bd5 Qg3 34. Rf1 Nxd5 0-1

[Event "COL-ch sf1"]
[Site "Medellin"]
[Date "2019.04.17"]
[Round "3"]
[White "Lora, Joel Fernando"]
[Black "Herrera, Juan Sebastian"]
[Result "1/2-1/2"]
[WhiteElo "2160"]
[BlackElo "2336"]
[PlyCount "130"]
[EventDate "2019.04.16"]
[EventType "swiss"]
[EventRounds "10"]
[EventCountry "COL"]
[SourceTitle "CBM 190 Extra"]
[Source "ChessBase"]
[SourceDate "2019.07.15"]
[SourceVersion "1"]
[SourceVersionDate "2019.07.15"]
[SourceQuality "1"]

1. Nf3 Nf6 2. b3 e6 3. Bb2 c5 4. e3 Be7 5. d4 0-0 6. Bd3 b6 7. 0-0 cxd4 8. Nxd4 Bb7 9. Nd2 d6 10. Qe2 a6 11. Rad1 Nbd7 12. c4 Qc7 13. Bb1 Rfe8 14. Rfe1 Bf8 15. Nf1 Rac8 16. Ng3 d5 17. cxd5 Nxd5 18. Rc1 Qb8 19. Red1 b5 20. Ne4 h6 21. Qh5 N7f6 22. Nxf6+ Nxf6 23. Qh4 Rxc1 24. Rxc1 Rc8 25. Rd1 Qe5 26. Qg3 Qxg3 27. hxg3 Ne4 28. Ne2 b4 29. Bd4 Nd6 30. Bd3 Nb5 31. Bxb5 axb5 32. Rc1 Ra8 33. Rc2 Be4 34. Rd2 Bb1 35. Nc1 f6 36. f3 e5 37. Ba1 Rc8 38. Bb2 h5 39. e4 Kf7 40. Kf2 Ke6 41. Ke2 g5 42. Kd1 f5 43. exf5+ Kxf5 44. Rd5 Rc5 45. Rd2 Rc6 46. Re2 Rd6+ 47. Ke1 Rd5 48. Ba1 Bd6 49. Rb2 Bd3 50. Nxd3 Rxd3 51. Re2 g4 52. Kf2 Rd1 53. Re1 Rxe1 54. Kxe1 gxf3 55. gxf3 e4 56. Kf2 Bc5+ 57. Ke2 Bd6 58. Kf2 Bc5+ 59. Kg2 e3 60. Kf1 Bd6 61. Bd4 e2+ 62. Kxe2 Bxg3 63. Bc5 h4 64. Kf1 h3 65. Bxb4 Kf4 1/2-1/2

[Event "COL-ch"]
[Site "Bogota"]
[Date "2018.11.09"]
[Round "6"]
[White "Ordonez Gonzalez, Gabriel"]
[Black "Lora, Joel Fernando"]
[Result "1/2-1/2"]
[WhiteElo "1884"]
[BlackElo "2154"]
[PlyCount "128"]
[EventDate "2018.11.06"]
[EventType "swiss"]
[EventRounds "9"]
[EventCountry "COL"]
[SourceTitle "CBM 187 Extra"]
[Source "ChessBase"]
[SourceDate "2018.11.04"]
[SourceVersion "1"]
[SourceVersionDate "2018.11.04"]
[SourceQuality "1"]

1. c4 Nf6 2. g3 c5 3. Bg2 d5 4. cxd5 Nxd5 5. Nf3 Nc6 6. 0-0 e5 7. d3 Be7 8. Nc3 Be6 9. Bd2 Qd7 10. Re1 f6 11. Nxd5 Bxd5 12. Nh4 0-0 13. Bxd5+ Qxd5 14. Nf5 Rfd8 15. Bc3 Bf8 16. Qa4 a6 17. Qg4 Qd7 18. f4 Nd4 19. Bxd4 exd4 20. Nh6+ Kh8 21. Qxd7 Rxd7 22. Ng4 Re8 23. Rac1 Kg8 24. Rc2 b6 25. Kf1 Kf7 26. b3 g6 27. Nf2 f5 28. Nh3 h6 29. Ng1 a5 30. Nf3 Bd6 31. Kf2 Re3 32. a4 Bc7 33. Nd2 g5 34. Nc4 Re6 35. Kf3 Kf6 36. Rd2 Rg7 37. e4 dxe3 38. Rxe3 gxf4 39. Rxe6+ Kxe6 40. gxf4 Rg4 41. Re2+ Kf6 42. Ne5 Rg1 43. Nd7+ Kf7 44. Ne5+ Bxe5 45. Rxe5 Rb1 46. Rxf5+ Kg6 47. Rd5 Rxb3 48. Ke4 Rb2 49. Rd6+ Kg7 50. Kf5 Rxh2 51. Rxb6 Rd2 52. Rb7+ Kf8 53. Rc7 Ra2 54. Kf6 Ke8 55. Rxc5 Rxa4 56. f5 Rd4 57. Re5+ Kf8 58. Rxa5 Rd6+ 59. Ke5 Rxd3 60. Ra6 Kf7 61. Rxh6 Re3+ 62. Kf4 Re1 63. Rh4 Rf1+ 64. Kg5 Rg1+ 1/2-1/2

[Event "COL-ch"]
[Site "Bogota"]
[Date "2018.11.08"]
[Round "4"]
[White "Munoz Galvez, Jhon Edison"]
[Black "Lora, Joel Fernando"]
[Result "1/2-1/2"]
[WhiteElo "2346"]
[BlackElo "2154"]
[PlyCount "108"]
[EventDate "2018.11.06"]
[EventType "swiss"]
[EventRounds "9"]
[EventCountry "COL"]
[SourceTitle "CBM 187 Extra"]
[Source "ChessBase"]
[SourceDate "2018.11.04"]
[SourceVersion "1"]
[SourceVersionDate "2018.11.04"]
[SourceQuality "1"]

1. e4 e5 2. Nf3 Nc6 3. Bb5 a6 4. Ba4 Nf6 5. d3 d6 6. c3 b5 7. Bb3 Be7 8. 0-0 Na5 9. Bc2 c5 10. a4 Rb8 11. d4 Nc6 12. axb5 axb5 13. d5 Na5 14. b3 0-0 15. h3 Qc7 16. Re1 Bd7 17. Nbd2 Ra8 18. Nf1 Rfc8 19. Bd2 Nb7 20. Qe2 Ra5 21. Rxa5 Qxa5 22. b4 Qa6 23. Bd3 c4 24. Bb1 Nd8 25. Ng3 Ra8 26. Bc1 Qc8 27. Nh2 Ne8 28. Ng4 f6 29. Ne3 Nf7 30. Kh2 g6 31. Rf1 Bf8 32. Nc2 Qd8 33. f4 Bh6 34. f5 Bxc1 35. Rxc1 Ng7 36. Rf1 Qe7 37. Qf2 g5 38. Qe2 Be8 39. Rc1 Nd8 40. Ne3 h5 41. Qd2 h4 42. Ne2 Nh5 43. Rc2 Kg7 44. Ra2 Qb7 45. Qb2 Bd7 46. Qa1 Rxa2 47. Qxa2 Bc8 48. Qa5 Nf7 49. Bc2 Qa6 50. Qxa6 Bxa6 51. Bd1 Bc8 52. Kg1 Bd7 53. Kf2 Be8 54. Nc2 Nd8 1/2-1/2

[Event "COL-ch sf 2nd"]
[Site "Tunja"]
[Date "2018.04.20"]
[Round "6"]
[White "Ruiz Aguilar, Pablo Alexander"]
[Black "Lora, Joel Fernando"]
[Result "1-0"]
[WhiteElo "2195"]
[BlackElo "2172"]
[PlyCount "113"]
[EventDate "2018.04.17"]
[EventType "swiss"]
[EventRounds "10"]
[EventCountry "COL"]
[SourceTitle "CBM 184 Extra"]
[Source "ChessBase"]
[SourceDate "2018.06.28"]
[SourceVersion "1"]
[SourceVersionDate "2018.06.28"]
[SourceQuality "1"]

1. e4 e5 2. Nf3 Nc6 3. Bb5 a6 4. Ba4 Nf6 5. 0-0 Be7 6. Re1 b5 7. Bb3 d6 8. c3 0-0 9. h3 Nb8 10. d4 Nbd7 11. Nbd2 Bb7 12. Bc2 Re8 13. Nf1 Bf8 14. Ng3 g6 15. a4 c5 16. d5 c4 17. Nh2 Bg7 18. Be3 Qe7 19. Qd2 Nc5 20. a5 h5 21. Bg5 Qf8 22. Rf1 Nfd7 23. Rae1 f6 24. Be3 Qe7 25. h4 Reb8 26. Ne2 Bc8 27. f4 exf4 28. Nxf4 Ne5 29. Nf3 Kh7 30. Bxc5 dxc5 31. d6 Qd8 32. Nxe5 fxe5 33. Nd5 Ra7 34. Nc7 Rbb7 35. Qd5 Qxh4 36. Qxc5 Qg5 37. Re2 Bg4 38. Ref2 h4 39. Bd1 h3 40. Bxg4 Qxg4 41. Qe3 Bh6 42. Rf7+ Kg8 43. Qxh3 Qxh3 44. gxh3 Bf4 45. Re7 Rb8 46. Rxf4 exf4 47. e5 Rab7 48. Nd5 Rxe7 49. Nxe7+ Kf7 50. Nc6 Rh8 51. d7 Ke6 52. d8Q Rxd8 53. Nxd8+ Kxe5 54. Nb7 Ke4 55. Nc5+ Kf3 56. Nxa6 Ke2 57. Nc5 1-0

[Event "COL-ch sf 2nd"]
[Site "Tunja"]
[Date "2018.04.18"]
[Round "3"]
[White "Hernandez, Cristian Andres"]
[Black "Lora, Joel Fernando"]
[Result "1/2-1/2"]
[WhiteElo "2322"]
[BlackElo "2172"]
[PlyCount "38"]
[EventDate "2018.04.17"]
[EventType "swiss"]
[EventRounds "10"]
[EventCountry "COL"]
[SourceTitle "CBM 184 Extra"]
[Source "ChessBase"]
[SourceDate "2018.06.28"]
[SourceVersion "1"]
[SourceVersionDate "2018.06.28"]
[SourceQuality "1"]

1. d4 Nf6 2. c4 d6 3. Nc3 e5 4. dxe5 dxe5 5. Qxd8+ Kxd8 6. Bg5 Be7 7. 0-0-0+ Nfd7 8. Nf3 f6 9. Bd2 c6 10. g3 Kc7 11. Bh3 Na6 12. Nh4 Re8 13. Be3 b6 14. Rd2 Ndc5 15. Bxc8 Raxc8 16. Rhd1 Rcd8 17. Rxd8 Rxd8 18. Rxd8 Kxd8 19. Bxc5 Nxc5 1/2-1/2

[Event "COL-ch sf"]
[Site "Medellin"]
[Date "2018.03.16"]
[Round "4"]
[White "Lora, Joel Fernando"]
[Black "Morales, Jhon Alexander"]
[Result "1/2-1/2"]
[WhiteElo "2184"]
[BlackElo "2393"]
[PlyCount "104"]
[EventDate "2018.03.14"]
[EventType "swiss"]
[EventRounds "10"]
[EventCountry "COL"]
[SourceTitle "CBM 183 Extra"]
[Source "ChessBase"]
[SourceDate "2018.04.19"]
[SourceVersion "1"]
[SourceVersionDate "2018.04.19"]
[SourceQuality "1"]

1. Nf3 d6 2. d4 g6 3. e4 Bg7 4. c3 Nf6 5. Bd3 0-0 6. h3 Nc6 7. 0-0 e5 8. dxe5 Nxe5 9. Nxe5 dxe5 10. Be3 b6 11. Qe2 Bb7 12. Nd2 a5 13. g4 Qe7 14. f3 Nd7 15. Qf2 Bf6 16. Rfd1 Kg7 17. Bb5 Bh4 18. Qe2 Nc5 19. Bc4 Rh8 20. Nb3 Ne6 21. Bxe6 Qxe6 22. Qd2 Rhd8 23. Qc2 h5 24. Rxd8 Rxd8 25. Rd1 Rh8 26. Kg2 Bc6 27. Rg1 Rd8 28. Nc1 Rh8 29. b3 hxg4 30. hxg4 Be7 31. Qe2 Kf8 32. Nd3 Ke8 33. Bf2 f6 34. Rh1 Rxh1 35. Kxh1 a4 36. c4 Qg8 37. Kg2 Qh8 38. Be1 Bd7 39. Bc3 Qh6 40. Qd2 Qh4 41. Qf2 Qxf2+ 42. Kxf2 Kf7 43. g5 Ke6 44. gxf6 Bxf6 45. f4 Bh4+ 46. Kf3 exf4 47. Nxf4+ Kf7 48. Nd5 Bd8 49. Be5 axb3 50. axb3 c6 51. Bc7 cxd5 52. Bxd8 dxc4 1/2-1/2

[Event "COL-ch sf"]
[Site "Medellin"]
[Date "2018.03.15"]
[Round "3"]
[White "Argote Heredia, Valentina"]
[Black "Lora, Joel Fernando"]
[Result "0-1"]
[WhiteElo "1963"]
[BlackElo "2184"]
[PlyCount "94"]
[EventDate "2018.03.14"]
[EventType "swiss"]
[EventRounds "10"]
[EventCountry "COL"]
[SourceTitle "CBM 183 Extra"]
[Source "ChessBase"]
[SourceDate "2018.04.19"]
[SourceVersion "1"]
[SourceVersionDate "2018.04.19"]
[SourceQuality "1"]

1. e4 c5 2. Nf3 e6 3. d4 cxd4 4. Nxd4 Nc6 5. c4 Nf6 6. Nc3 Bb4 7. Nxc6 dxc6 8. Qxd8+ Kxd8 9. f3 e5 10. Be3 Be6 11. 0-0-0+ Kc7 12. Na4 b6 13. a3 Be7 14. Nc3 Rhd8 15. Bd3 h6 16. Kc2 Nd7 17. f4 exf4 18. Bxf4+ Bd6 19. Bxd6+ Kxd6 20. Ne2 Bg4 21. Kc3 Ke7 22. h3 Bxe2 23. Bxe2 Ne5 24. b4 Rxd1 25. Rxd1 a5 26. Kb3 g6 27. Rd2 axb4 28. axb4 Ra1 29. Rd1 Rxd1 30. Bxd1 Kd6 31. Kc3 h5 32. Be2 Nd7 33. Kd3 Ke5 34. Ke3 Nf6 35. Bd3 c5 36. b5 Ne8 37. g4 h4 38. g5 Ng7 39. Kf3 Ne6 40. Kg4 Nd4 41. Bf1 Kxe4 42. Bg2+ Ke5 43. Bd5 Ne6 44. Kxh4 Kf5 45. Bc6 Kf4 46. Bd7 Ng7 47. Bc8 f6 0-1